• 首页
  • 本馆介绍
  • 公告通知
  • 最新文献
  • 馆藏检索
  • 电子资源
  • 读者导购
  • 参考咨询
  • 我的图书馆
  • 登录
  • 详细信息显示
  • 放入我的书架
  • 预约/预借图书
  • 作者相关作品
  • 分类相关作品
  • 丛书相关作品
  • 出版社相关作品

书目信息

  • 表格格式
  • 工作单格式
  • 卡片格式
题名:
静电复印机检修与使用经验288例
    
 
作者: 刘江 汇编
分册:  
出版信息: 北京   电子工业出版社  1991.5
页数: 276页
开本: 20cm
丛书名:
单 册:
中图分类: TB852.2
科图分类:
主题词: 摄影--机具 , 摄影--设备
电子资源:
ISBN:
000 00592nam0 2200205 45
001 0312221749
005 20031222170909.2
010    @dCNY4.90
100    @a20031222d1991 km y0chiy0120 ea
101    @achi
105    @a z 000yy
200 1  @a静电复印机检修与使用经验288例@AJing Dian Fu Yin Ji Jian Xiu Yu Shi Yong Jing Yan 288 Li@f刘江汇编@FLiu Jiang Hui Bian
210    @a北京@c电子工业出版社@d1991.5
215    @a276页@d20cm
606 0  @a摄影@x机具
606 0  @a摄影@x设备
690    @aTB852.2@v3
701 0  @a刘江@4汇编
801    @aCN@bTSTCL@c20031222
905    @a213230@dTB852.2@e32
    
    静电复印机检修与使用经验288例/刘江汇编.-北京:电子工业出版社,1991.5
    276页;20cm
    
    
    ISBN :CNY4.90
    
●
相关链接 在E读中查询图书 在五车中查询图书 在当当中查询图书 在豆瓣中查询图书


正题名:静电复印机检修与使用经验288例     索取号:TB852.2/32         预约/预借

序号 登录号 条形码 馆藏地/架位号 状态 备注
1 0248877   202451934   第二样本阅览室/ [索取号:TB852.2/32] 在馆    
唐山师范学院图书馆 欢迎您!
大连网信软件有限公司© 版权所有